| 000 | 00434nam a2200145Ia 4500 | ||
|---|---|---|---|
| 008 | 230917s9999||||xx |||||||||||||| ||und|| | ||
| 040 |
_e166143 _aMAIN |
||
| 041 | _aEnglish | ||
| 082 | _a891.43172109 SR92:KN | ||
| 100 | _aशुक्ल, रामचन्द्र | ||
| 245 | 0 | _aत्रिवेणी | |
| 260 |
_aकाशी _bनागरी प्रचारिणी सभा _c1966 |
||
| 300 | _a178 p. | ||
| 942 | _cHN | ||
| 999 |
_c201844 _d201844 |
||